Sports Leagues with Highest Revenue - Statistics

General Stats
  • This quiz has been taken 79 times
  • The average score is 9 of 10
Answer Stats
Country Sport League % Correct
England Soccer PL
97%
USA / Canada Basketball NBA
96%
USA Football NFL
96%
Spain Soccer La Liga
92%
Canada / USA Ice Hockey NHL
92%
USA / Canada Baseball MLB
89%
USA / Canada Soccer MLS
89%
Germany Soccer Bundesliga
87%
Italy Soccer Serie A
85%
France / Monaco Soccer Ligue 1
76%
No matching quizzes found
Score Distribution
Percent of People with Each Score
Percentile by Number Answered
Your Score History
You have not taken this quiz